000 00563nam a2200217Ia 4500
003 OSt
005 20220926014820.0
006 a|||||r|||| 00| 0
007 ta
008 220923b |||||||| |||| 00| 0 eng d
037 _cGeneral Book
040 _aRTL
_cRTL
_beng
041 _2eng
_aeng
082 _aXv1.N, J2
100 _aSoule George
_9122021
245 0 _aIdeas of great economist
260 _aNew York
_bMentor Book
_c1952
300 _a160p
_ccm.
942 _hXv1.N, J2
_cGB
_2CC
999 _c629890
_d629890